| 000 | 03419nam a2200445 a 4500 | ||
|---|---|---|---|
| 003 | CHAP | ||
| 005 | 20250220091728.0 | ||
| 007 | cr ||||||a|c|a | ||
| 008 | 101025s2010 mx r 00010 spa d | ||
| 035 | _a111210 | ||
| 040 | _cCHAP | ||
| 090 | _aTesis | ||
| 100 | 1 |
_aVázquez Aguilar, Beltario. _9120288 |
|
| 245 | 1 | 0 |
_aConformación estructural de Leucaena leucopcephala a diferente manejo en vivero _c/por Beltario Vázquez Aguilar; director Pedro Arturo Martínez Hernández |
| 264 |
_aChapingo, Méx. : _bEl autor, _c2010. |
||
| 300 |
_a1 recurso en línea (87 páginas): _bCuadros, figuras |
||
| 336 |
_2rdacontent _atexto _btxt |
||
| 337 |
_2rdamedia _acomputadora _bc |
||
| 338 |
_2rdacarrier _arecursos en linea _bcr |
||
| 502 |
_bMCIG _cZootecnía _d2010 _gMAE |
||
| 520 | _aLa investigación consistió de dos experimentos independientes realizados en invernadero con el objetivo general de determinar la conformación estructural aérea (CEA), aportes de componentes morfológicos (ACM) y dinámica del rebrote (DR) de Leucaena leucocephala cv. Cunningham. En el primero (EXP1) se evaluaron 13 tratamientos originados de combinar la aplicación o no de poda (PD) y biorreguladores (BIO) a diferente edad de la planta. En el segundo (EXP2) fueron 9 tratamientos en factorial 3 x 3: tres dosis de nitrógeno (0, 25 y 50 kg ha-1) y tres de fósforo (0, 25 y 50 kg ha-1). El diseño fue completamente al azar con 18 y 10 repeticiones en EXP1 y EXP2 respectivamente; la unidad experimental fue una planta. La poda modificó la CEA y ACM aumentando (p<0.05) 20 veces la ramificación, reduciendo 33 cm la altura (ALT), 0.8 mm el diámetro del tallo principal (DTP), dos veces la cantidad de tallo (CT) y número de nódulos (NN) en relación con plantas sin poda. En DR, la rama apical tuvo mayor diámetro y longitud con PD a edad tardía. No hubo efecto sinérgico entre PD y BIO en CEA y ACM. La dosis de 50 kg ha-1 de N ocasionó (p<0.05) la muerte de todas las plantas, eliminándose del análisis de los datos, quedando una factorial 2 x 3. Fertilizar con N modificó (p<0.05) la CEA reduciendo ALT y DPT así como ACM con menor valor en los atributos de raíz (volumen, peso y longitud) y NN; sin embargo, agregar P sólo afectó (p<0.05) CT, volumen de raíz y razón tallo:hoja. La poda por sí sola mejora la conformación estructural aérea, sin cambiar los atributos del aporte de los componentes morfológicos de Leucaena lecucocephala, pero fertilizar con nitrógeno y fósforo reduce el crecimiento de las plantas, con efecto tóxico del N al aplicarlo en cantidad alta. | ||
| 590 |
_aALEPH _b10 _c20130110 |
||
| 590 |
_aBATCH-UPD _b10 _c20130110 |
||
| 590 |
_aBATCH-UPD _b10 _c20130410 |
||
| 590 |
_aBATCH-UPD _b10 _c20130914 |
||
| 590 |
_aBATCH-UPD _b10 _c20140324 |
||
| 590 |
_aBATCH-UPD _b10 _c20141002 |
||
| 590 |
_aCONVERSION _b10 _c20130109 |
||
| 650 | 0 | 4 |
_aCultivos _xInvernadero. _930284 |
| 650 | 0 | 4 |
_aEstructura atómica. _938482 |
| 650 | 0 | 4 |
_aLeucaena leucocephala. _966380 |
| 700 | 1 |
_aMartínez Hernández, Pedro Arturo _eDirector _972165 |
|
| 856 |
_uhttp://10.13.5.2/tesis/111210.pdf _zDESCARGAR PDF |
||
| 901 | _aBK | ||
| 942 |
_cTD _2Clasificación Universidad Autónoma Chapingo |
||
| 949 |
_bBC _cTES _d33724002219223 _eTS1 _gDonaciØn _h51275 _i111210 _sb |
||
| 949 |
_bBC _cTES _d33724002219975 _eTS2 _fc.2 _gDonaciØn _h51276 _i111210 _sb |
||
| 999 |
_c99552 _d99552 |
||